La Revue des Notaires

Detalles Bibliográficos
Formato: Desconocido
Lenguaje:francés
Publicado: Pars̕ : Legal News
Materias:
Acceso en línea:Acceso restringido

MARC

LEADER 00000ny a22000003n 4500
005 20110509130450.0
008 090130s20072008fr mr s 000 b0fre c
022 |a 1774-6965 
035 |a 2500 
040 |a UMA.RE  |d vlex 
080 |a 340.142(051)(0.034) 
080 |a 347.961(051)(0.034) 
090 |c 1451  |d 1451 
245 3 3 |a La Revue des Notaires  |h [Recurso electrn̤ico] 
256 |a Servicio en ln̕ea 
260 |a Pars̕ :  |b Legal News 
310 |a Mensual 
506 1 |a Contenido solo disponible en los productos indicados  |d vLex Global  |d vLex Global (Academic Edition, excluding Law Schools)  |d vLex Global (U.S. Academic Edition, Law Schools)  |d vLex Global (U.S. Academic Edition, excluding Law Schools)  |d vLex Global (Academic Edition, Law Schools) 
650 0 4 |a Derecho  |x Publicaciones perid̤icas 
650 0 4 |a Jurisprudencia  |x Publicaciones perid̤icas 
650 0 4 |a Notarios  |x Publicaciones perid̤icas 
740 0 |a vLex Revista (Servicios en ln̕ea) 
853 |8 1  |i (year)  |j (month)  |k (day) 
856 4 0 |u http://vlex.com/source/2500  |z Acceso restringido 
942 |c REV